| 000 | 01498nam0a22002771 4500 | ||
|---|---|---|---|
| 001 | rc\3811130 | ||
| 005 | 20250530060220.0 | ||
| 021 |
_aRU _b[76-79097] |
||
| 035 | _a(NLR Aleph) 007261183 | ||
| 090 |
_a5309383 _c5309383 |
||
| 100 | _a20120329d1976 |||y0rusy50 ca | ||
| 101 | 0 | _arus | |
| 102 | _aRU | ||
| 105 | _aa z |||a| | ||
| 200 | 1 |
_aГорный бубен _eСтихотворения _fБаир Дугаров _g[Худож. А.Б. Волошин] |
|
| 210 |
_aУлан-Удэ _cБурят. кн. изд-во _d1976 |
||
| 215 |
_a95 с. _cил. _d16 |
||
| 327 | 0 | _aЦиклы: Эй, земля, уплывающая в синеву...; Саяны, Саяны, я ваша частица...; Здесь пишутся стихи...; Волны трав тебя мне навевали...; Лицо застенчивого камня вдруг улыбнулось | |
| 464 | 0 |
_12001#$aЭй, земля, уплывающая в синеву...$aСаяны, Саяны, я ваша частица...$aЗдесь пишутся стихи...$aВолны трав тебя мне навевали...$aЛицо застенчивого камня вдруг улыбнулось _tЛицо застенчивого камня вдруг улыбнулось |
|
| 700 | 1 |
_aДугаров _bБ.С. _f1947- _gБаир Сономович |
|
| 702 | 1 |
_aВолошин _bА.Б. _4440 |
|
| 801 | 0 |
_aRU _bNLR _gpsbo |
|
| 801 | 1 |
_aRU _bELAR _2rusmarc |
|
| 852 |
_aNLR _j77-2/721 |
||
| 942 | _cBOOK | ||
| 980 | _aNB | ||